000
00322nam a2200133Ia 4500
008
240624s9999 xx 000 0 und d
041
_a
eng
082
_a
920 NAI
100
_a
NAIPAUL V S
245
_a
WRITER S PEOPLE WAYS OF SEEING AND FEELI
260
_c
2008
_a
New Delhi
_b
Picador
300
_a
256 : p.
365
_c
RS
999
_c
17174
_d
17174